| Tag |
First Indicator |
Second Indicator |
Subfields |
| LEADER |
00000cgm a2200000Mi 4500 |
| 001 |
in00005531721 |
| 006 |
m o c |
| 007 |
cr |n|---||a|a |
| 007 |
vz |zazu| |
| 008 |
080405s1991 nyu024 g o vueng d |
| 005 |
20241201225211.7 |
| 035 |
|
|
|a (OCoLC)ocn747797702
|
| 040 |
|
|
|a ALSTP
|b eng
|e pn
|c ALSTP
|d OCLCQ
|d UV0
|d UAB
|d OCLCO
|d OCLCQ
|d OCLCF
|d OCLCO
|d OCLCQ
|d IAA
|d SOI
|d IGB
|d WYU
|d OCLCO
|d LUU
|d OCLCQ
|d OCLCO
|d MNU
|d OCLCO
|
| 019 |
|
|
|a 780748127
|a 1087348490
|a 1406330402
|a 1418770993
|
| 035 |
|
|
|a (OCoLC)747797702
|z (OCoLC)780748127
|z (OCoLC)1087348490
|z (OCoLC)1406330402
|z (OCoLC)1418770993
|
| 041 |
1 |
|
|a eng
|p eng
|
| 050 |
|
4 |
|a Internet Access
|b AEGMCT
|
| 082 |
0 |
4 |
|a 362.28
|q OCoLC
|
| 049 |
|
|
|a TXAM
|
| 100 |
1 |
|
|a Gallup-Roholt, Louise M.
|
| 245 |
1 |
2 |
|a A journey back /
|c produced and directed by Louise M. Gallup.
|
| 264 |
|
1 |
|a New York, NY :
|b Filmakers Library,
|c 1991.
|
| 300 |
|
|
|a 1 online resource (24 min.)
|
| 336 |
|
|
|a two-dimensional moving image
|b tdi
|2 rdacontent
|
| 337 |
|
|
|a computer
|b c
|2 rdamedia
|
| 338 |
|
|
|a online resource
|b cr
|2 rdacarrier
|
| 341 |
0 |
|
|a auditory
|b captions
|
| 532 |
1 |
|
|a Closed captioning in English
|
| 520 |
|
|
|a When a parent commits suicide, he or she leaves behind a wake of pain and guilt for children and spouse. It may take years for the survivors to resolve their feelings; some never do. Louise Gallup, who made this film, was nine years old when her father shot himself. She and her brothers and sisters grew into productive human beings, upstanding members of the community. But they never spoke of the personal tragedy that engulfed their family. A Journey Back is a moving account of her coming to terms, fifteen years later, with her father s suicide. Despite the family s initial reluctance to talk about their traumatic experience, it is evident that the process of opening up communication has helped all of them.
|
| 521 |
|
|
|a For High School; College; Adult audiences.
|
| 546 |
|
|
|a English.
|
| 586 |
|
|
|a American Psychological Association, 1991
|
| 586 |
|
|
|a First Place, Gold Award, John Muir Medical Film Festival, 1990
|
| 586 |
|
|
|a International Visual Anthropology Festival, 1995
|
| 586 |
|
|
|a Judge's Award, Sinking Creek Film and Video Festival, 1989
|
| 588 |
0 |
|
|a Print version record.
|
| 650 |
|
0 |
|a Families.
|
| 650 |
|
0 |
|a Suicide.
|
| 650 |
|
2 |
|a Suicide
|
| 650 |
|
6 |
|a Familles.
|
| 650 |
|
6 |
|a Suicide.
|
| 650 |
|
7 |
|a Families
|2 fast
|
| 650 |
|
7 |
|a Suicide
|2 fast
|
| 655 |
|
0 |
|a Documentary.
|
| 655 |
|
2 |
|a Documentaries and Factual Films
|
| 655 |
|
4 |
|a Streaming videos.
|
| 655 |
|
7 |
|a documentary film.
|2 aat
|
| 655 |
|
7 |
|a Video recordings for the hearing impaired.
|2 lcgft
|
| 655 |
|
7 |
|a Documentary films.
|2 lcgft
|
| 655 |
|
7 |
|a Vidéos pour personnes handicapées auditives.
|2 rvmgf
|
| 655 |
|
7 |
|a Documentaires.
|2 rvmgf
|
| 830 |
|
0 |
|a Filmakers Library online.
|
| 856 |
4 |
0 |
|u http://proxy.library.tamu.edu/login?url=https://www.aspresolver.com/aspresolver.asp?AVN2;1784911
|z Connect to this streaming video (Alexander Street Press)
|t 0
|
| 955 |
|
|
|a Alexander Street Press subscription streaming video
|
| 994 |
|
|
|a 92
|b TXA
|
| 999 |
f |
f |
|s f9f44f6a-9106-402b-85b2-41c72908601f
|i dc7ac750-a38f-48dc-9875-ab55261f7e75
|t 0
|
| 952 |
f |
f |
|a Texas A&M University
|b College Station
|c Electronic Resources
|d Available Online
|t 0
|e Internet Access AEGMCT
|h Library of Congress classification
|
| 998 |
f |
f |
|a Internet Access AEGMCT
|t 0
|l Available Online
|